Enciclopedia practica de la agricultura y la ganadería

Bibliographic Details
Main Author: España.
Format: Section = Libro
Language:Undetermined
Spanish
Published: España OCEANO 2006
Subjects:
LEADER 00626nam a2200229Ia 4500
008 240830s9999 xx 000 0 und d
040 |a B-ESTELÍ- RUACS / Ref 630 E77 
041 |a spa 
082 |a Ref 630 E77 
100 1 |a España. 
245 1 0 |a Enciclopedia practica de la agricultura y la ganadería 
260 |a España  |b OCEANO  |c 2006 
300 |a 1132 p. :il. 
650 7 |a AGRICULTURA 
650 7 |b  CULTIVOS HERBACEOS 
650 7 |c  CULTIVOS PROTEGIDOS 
650 7 |d  ARBORICULTURA 
650 7 |e  CULTIVOS ORNAMENTALES 
650 7 |f  FUNDAMENTOS DE LA GANADERIA 
942 |c BK  |2 ddc 
991 |a TEXTO 
999 |c 11748